| 000 | 00620cam a22002291 4500 | ||
|---|---|---|---|
| 001 | ca 31000844 | ||
| 003 | DLC | ||
| 005 | 20260227111125.0 | ||
| 008 | 840120s1919 xx 000 0 pol | ||
| 010 | _aca 31000844 | ||
| 035 | _a(OCoLC)29090979 | ||
| 040 |
_aDLC _cMnU _dDLC |
||
| 042 | _apremarc | ||
| 043 | _ae-ur--- | ||
| 050 | 0 | 0 |
_aDK266 _b.R35 |
| 100 | 1 |
_aRadwan, Józef, _d1858- |
|
| 245 | 1 | 0 | _aMoje wspomnienia, garść szkiców z wygnania. |
| 260 |
_aKalisz, _bNakładem "Gazety Kaliskiej", _c1919. |
||
| 300 |
_a128, [1] p. _c20 cm. |
||
| 651 | 0 | _aSoviet Union. | |
| 650 | 0 |
_aPolish people _zSoviet Union. |
|
| 999 |
_c16862 _d16862 |
||